| 000 | 00488nam a2200193Ia 4500 | ||
|---|---|---|---|
| 005 | 20240823005821.0 | ||
| 008 | 240823s9999||||xx |||||||||||||| ||und|| | ||
| 041 | _aENGLISH | ||
| 082 | _A005.453 N6 | ||
| 100 | _a"Alblas,Henk" | ||
| 245 | 0 | _aPractice and Principles of Compiler Building With C | |
| 250 | _a1st | ||
| 260 |
_c1996 _b"PHI,New Delhi" |
||
| 500 | _aYES | ||
| 650 |
_aCompilers _bComputer Applications |
||
| 700 | _a" Nymeyer,Albert" | ||
| 942 | _cBK | ||
| 999 |
_c156809 _d156809 |
||